000
00216nam a22000857a 4500
008
161116b xxu||||| |||| 00| 0 eng d
100
_9
1250
_a
BPI India
245
_a
We Still Lovve You
260
_a
New Delhi
_b
BPI INDIA
_c
2011
999
_c
3953
_d
3953